00733nam a22002052 4500001001100000005001700011008004100028020002000069040000800089100003000097245005500127260005100182300003700233504005200270650003300322908001100355050002400366999001500390952012200405000001027820140825164405.0070206s1995 tnua b 000 0 eng d a0785279156 (hc) aPUL1 aGraham, Franklin,d1952-.10aRebel with a cause :bThomas Nelson, Inc /cc1995. aNashville, Tenn :bThomas Nelson, Inc,cc1995. axiv, 314 p. :bill ;c24 cm. aIncludes bibliographical references (p. [315]). 0aChurch charitiesxBiography. a070206 aHV530.G73bA3b1995 c9796d9796 00102lcc4070aPUEAbPUEAd2012-12-26eDONl0oHV530.G73 A3 1995p020020011754r2015-07-01 00:00:00w2012-12-26yBK